000 00802cam a2200205 4500
001 ABS66187
008 021113n2002 000 0 eng u
035 _a(Sirsi) u120438
100 _aLowe, R.
245 _aWays to repackage cashflow
260 _c2002
490 _aEstates Gazette
_v(0244) 2 November 2002, 161(1)
520 _aReports on European Group of Valuer's Associations (TEGoVA) measures to improve valuers' understanding of the securitisation process. These include the publication of a new guidance note in the European Valuation Standards and a one day conference dedicated to the subject.
590 _aABS
650 _aEUROPEAN VALUATION STANDARDS
650 _aSECURITISATION
650 _aINVESTORS
690 _aPROPERTY-PROPERTY APPRAISAL AND VALUATION
942 _n0
999 _c71554
_d71554